| 000 | 00962nam a22001937a 4500 | ||
|---|---|---|---|
| 005 | 20250923092220.0 | ||
| 008 | 250923s2020 xxk|||||o|||| 00| 0 eng d | ||
| 041 | _aeng | ||
| 110 | _aRoyal Institution of Chartered Surveyors | ||
| 245 |
_aRICS Sanctions Policy: _bSupplement 4 Disciplinary History version 8 _h[Electronic resource] |
||
| 260 |
_aLondon, _bRoyal Institution of Chartered Surveyors, _c2020 |
||
| 500 | _awith effect from 2 March 2020 | ||
| 520 | _aThis is a supplement to the Sanctions Policy and sets out the Standards and Regulation Board’s approach to the provision of a Regulated Member’s disciplinary history | ||
| 651 | _aInternational | ||
| 690 |
_96277 _aRICS |
||
| 710 | _aRoyal Institution of Chartered Surveyors | ||
| 856 |
_uhttps://www.rics.org/content/dam/ricsglobal/documents/regulation/2-march-2020-rics-sanctions-policy-supplement-4-disciplinary-history-version-8-with-effect.pdf _zAvailable on RICS.org |
||
| 942 | _n0 | ||
| 999 |
_c122213 _d122213 |
||